Paroles - Les lionnes - Yannick Noah - Statistiques

Statistiques générales
  • Ce quiz a été pris 193 fois
  • Le résultat moyen est 147 sur 192
Statistiques - réponses
Paroles % Correct
Le
100%
le
100%
les
99%
lionnes
99%
de
98%
De
98%
Sont
96%
sont
96%
Tu
96%
tu
96%
des
95%
sais
94%
à
93%
vraiment
93%
vraiment,
93%
la
92%
reines
91%
et
90%
Et
90%
Mais
90%
mais
90%
l'eau
87%
Ne
87%
ne
87%
elles
84%
Elles
84%
plus
83%
jamais
81%
Leur
81%
leur
81%
qui
81%
amour
76%
Fait
75%
fait
75%
reprennent
75%
vie
75%
donnent
74%
terre
74%
jour
73%
Porte
73%
Porte-
73%
Chaque
72%
passe
71%
bien
69%
lasse
69%
C'est
66%
nuit
66%
soleil
66%
tes
66%
Oui
63%
Du
62%
assomme
60%
Entre
60%
mains
60%
rien
60%
l'or
59%
attention
57%
renverse
51%
un
50%
ton
49%
Surtout
47%
ciel
46%
monter
44%
Fais
43%
hommes
43%
Pour
43%
qu'elles
42%
peine
40%
seau
39%
Dans
38%
peu
37%
pluie
37%
gardiennes
36%
toujours
31%
l'effort
28%
ramènent
28%
dos
25%
revient
25%
dois
23%
l'espoir
23%
courber
22%
Fatiguées
22%
sereines
22%
pleins
18%
seaux
16%
Aucun quiz correspondant
Distribution des résultats
% des personnes avec chaque résultat
Percentile par nombre de réponses
Votre historique - résultats
Vous n’avez pas pris ce quiz